00443 2200193 4500001002100000005001500021008004100036020001800077035001900095041000700114082001000121090001600131100001800147245001000165260002800175300002100203500001000224650001500234INLIS00000000000203020241224112448241224||||||||| | ||| |||| || |  a979-781-735-0 0010-1224002030 aen0 a541.3 a541.3 PUR k0 amichael purba00aKimia aJakartaberlanggac2006 aix,326hlm.;22 cm acet.9 0aIlmu Murni